vainqueur de la f1 depuis 2010 - Statistiques

Statistiques générales
  • Ce quiz a été pris 64 fois
  • Le résultat moyen est 15 sur 16
Statistiques - réponses
ANNEE EQUIPE PILOTE % Correct
2014 MERCEDES HAMILTON
100%
2015 MERCEDES HAMILTON
100%
2017 MERCEDES HAMILTON
100%
2018 MERCEDES HAMILTON
100%
2019 MERCEDES HAMILTON
100%
2020 MERCEDES HAMILTON
100%
2021 RED BULL VERSTAPPEN
98%
2022 RED BULL VERSTAPPEN
98%
2023 RED BULL VERSTAPPEN
98%
2024 RED BULL VERSTAPPEN
98%
2025 MCLAREN NORRIS
91%
2010 RED BULL VETTEL
88%
2011 RED BULL VETTEL
88%
2012 RED BULL VETTEL
88%
2013 RED BULL VETTEL
88%
2016 MERCEDES ROSBERG
73%
Aucun quiz correspondant
Distribution des résultats
% des personnes avec chaque résultat
Percentile par nombre de réponses
Votre historique - résultats
Vous n’avez pas pris ce quiz